Normal view
MARC view
Entry Topical Term
001 - CONTROL NUMBER
- control field: 39664
003 - CONTROL NUMBER IDENTIFIER
- control field: ARRUPE
005 - DATE AND TIME OF LATEST TRANSACTION
- control field: 20180228100458.0
008 - FIXED-LENGTH DATA ELEMENTS
- fixed length control field: 180228|| aca||aabn | a|a d
040 ## - CATALOGING SOURCE
- Original cataloging agency: ARRUPE
- Transcribing agency: ARRUPE
150 ## - HEADING--TOPICAL TERM
- Topical term or geographic name as entry element: South Africa
- General subdivision: Politics and government
670 ## - SOURCE DATA FOUND
- Source citation: Work cat.: (ARRUPE)91057: Martineau, John 39663, The Transvaal trouble how it arose: , 1900